| 000 | 00601pab a2200217 454500 | ||
|---|---|---|---|
| 008 | 180718b2008 xxu||||| |||| 00| 0 eng d | ||
| 100 | _aTang, Shui-Yan | ||
| 245 | _aCivic environmental NGOs, civil society, and democratisation in China | ||
| 260 | _c2008 | ||
| 300 | _ap.425-48. | ||
| 362 | _aMar | ||
| 650 | _aDemocratisation - China | ||
| 650 | _aCivil society - China | ||
| 650 | _a China | ||
| 650 | _aNongovernmental organizations | ||
| 650 | _aNongovernmental organizations | ||
| 700 | _aZhan, Xueyong | ||
| 773 | _aJournal of Development Studies | ||
| 908 | _aN | ||
| 909 | _a78197 | ||
| 999 |
_c78197 _d78197 |
||